00395nam a2200133Ia 4500003000400000008004100004040001600045082001300061100002300074245009500097260003400192650001000226650002500236GCL140319s9999 xx 000 0 eng d aGCL / cGCL04a781bS M1 aSCHENKER, HEINRICH10aTHE MASTER WORK IN MUSIC: A YEARBOOK VOLUM (1925) HEINRICH SCHENKER / cSCHENKER, HEINRICH a[S.N] : bCAMBRIDGE ، c199404aMUSIC04aSCHENKERIAN ANALYSIS